000 00224nam a22000857a 4500
008 160915b xxu||||| |||| 00| 0 eng d
100 _9496
_aSharma.R.D
245 _aMathematics-XI
260 _aNew Delhi
_b Dhanpat Publications
_c2004
999 _c3153
_d3153